000 00530nam a2200205Ia 4500
003 OSt
005 20230411112914.0
008 210423s2008 xx 000 0 und d
020 _a9780761935896
040 _cAL
041 _aeng
082 _a658.57 JAWP
100 _aJAWAHAR (P David).
_986015
245 _aEmerging issues in management research.
260 _aNew Delhi
_bExcel Books
_c2008
300 _aiv,293
_bPB
365 _b395
_cINR
906 _aEmerging ; issues ; management ; research.
942 _2ddc
_cBK
999 _c158449
_d158449